Las reservas del océano
Gardado en:
| Main Authors: | , |
|---|---|
| Formato: | Libro |
| Idioma: | Lingua castelá |
| Publicado: |
Madrid
Guadarrama
1976
|
| Series: | Universitaria de Bolsillo, Punto Omega. Economía, 218
|
| Subjects: | |
| Tags: |
Engadir etiqueta
Sen Etiquetas, Sexa o primeiro en etiquetar este rexistro!
|
MARC
| LEADER | 00000nam a2200000 a 4500 | ||
|---|---|---|---|
| 001 | UCU4102 | ||
| 003 | CL-VaPUC | ||
| 008 | 960517e19760000SP |||||||||||||||||spa|d | ||
| 082 | 0 | 4 | |a 551.460 |b COU |2 21 |
| 100 | 0 | |a Coulmy, D |e author |9 361528 | |
| 700 | 0 | |a Page, J. P |e author |9 361529 | |
| 245 | 1 | 4 | |a Las reservas del océano |
| 300 | |a 250 p | ||
| 942 | |c BK | ||
| 945 | |d 19960517 00:00:00 |a paguirre | ||
| 260 | |a Madrid |b Guadarrama |c 1976 | ||
| 650 | 0 | |a Oceanografía |9 260014 | |
| 650 | 0 | |a Océanos |9 344473 | |
| 650 | 0 | |a Recursos marinos |9 261196 | |
| 650 | 7 | |a MEDIO AMBIENTE MARINO |2 CL-VaPUC |9 361530 | |
| 650 | 7 | |a RECURSOS DE LOS FONDOS DEL MAR |2 CL-VaPUC |9 359826 | |
| 650 | 7 | |a PETROLEO |2 CL-VaPUC |9 320865 | |
| 650 | 0 | |a Yacimientos minerales |9 262212 | |
| 583 | |a last modification |c 19960517 00:00:00 |k Rodrigo Vera | ||
| 490 | 0 | |a Universitaria de Bolsillo, Punto Omega. Economía, 218 | |
| 999 | |c 247923 |d 247921 | ||
| 952 | |0 0 |1 0 |4 0 |6 551_460000000000000_COU_1976 |7 0 |8 A |9 264183 |a BIBING |b BIBING |d 2019-11-19 |i 1661507 |o 551.460 COU 1976 |p 1661507 |r 2025-01-20 |w 2019-11-19 |y BK |k GEO | ||